000 00659nam a22002297a 4500
003 OSt
005 20260703093703.0
008 260703b ar ||||| |||| 00| | spa d
040 _aHCSPBA
041 _aspa
100 _aCalderón de la Barca, Pedro
245 _aComedias de don Pedro Calderón de la Barca.
_nTomo 2.
260 _aMadrid.
_bM. Rivadeneyra.
_c1862.
300 _a4 v.
490 _aBiblioteca de autores españoles, desde la formación del lenguaje hasta nuestros días
_v 9
650 _aTEATRO
650 _aLITERATURA
650 _aHISTORIA
651 _aESPAÑA
700 _aHartzenbusch, Juan Eugenio
_e04
942 _cLIB
999 _c65176
_d134645